| 000 | 00538nam a22001577a 4500 | ||
|---|---|---|---|
| 005 | 20251108172742.0 | ||
| 008 | 250721s2002 xx 000 0 ara d | ||
| 082 | 1 | 4 | _a189.12/أحم |
| 100 | 1 |
_aأحمد، عزمي طه السيد _eمؤلف |
|
| 245 | 1 | 0 | _aالدين والأيديولوجيا في مشروع الفارابي السياسي / |
| 264 | 1 |
_aعمان : _bدار المسار للنشر والتوزيع، _c2002. |
|
| 300 | _a190ص | ||
| 650 | 1 | 7 | _aالفلسفة الإسلامية |
| 942 |
_2ddc _cBK |
||
| 999 |
_c87577 _d87577 |
||